00317nam a2200121Ia 4500008004100000041000800041082001800049100002000067245004500087260002800132300002400160365001100184240624s9999 xx 000 0 und d aeng a355.80954 COH aCOHEN STEPHEN P aARMING WITHOUT AIMING INDIA S MILITARY M c2010aNew DelhibViking a223 : p. : cm. ; 24 cRSb20